Les 10 Jeux Vidéo les plus Joués au Monde en 2022 - Statistiques

Statistiques générales
  • Ce quiz a été pris 490 fois
  • Le résultat moyen est 4 sur 10
Statistiques - réponses
Top 10 des jeux les plus joués % Correct
Fortnite
82%
Minecraft
74%
Grand Theft Auto V
54%
Call of Duty : Modern Warfare II
50%
League of Legends
44%
Valorant
33%
Counter Strike : Global Offensive
25%
Apex Legends
23%
Roblox
20%
Overwatch 2
18%
Aucun quiz correspondant
Distribution des résultats
% des personnes avec chaque résultat
Percentile par nombre de réponses
Votre historique - résultats
Vous n’avez pas pris ce quiz